000 00347 a2200145 4500
001 166473
020 _a
040 _cMagnum
100 _aThompson, Augusto
240 1 0 _aManual de orientacao para preparo de monografia
_lpor
245 1 0 _aManual de orientacao para preparo de monografia
362 0 _a1899
697 _aENSINO
942 _cBK
999 _c166473
_d166473